00261nam a2200097Ia 4500001000800000005001700008008004100025020001800066245006100084260001800145126871020260417145255.0260417s9999 xx 000 0 und d a9786256126220 0aArdımızda Bıraktığımız DünyalarcA. F. Harrold bKetebe Genç